| 000 | 01514pam a2200349 a 4500 | ||
|---|---|---|---|
| 001 | 4800280 | ||
| 003 | NUST-PNEC | ||
| 005 | 20170116180711.0 | ||
| 008 | 880113s1988 nyua b 001 0 eng | ||
| 010 | _a 88002322 | ||
| 020 | _a0824085221 | ||
| 040 | _cPNEC | ||
| 050 | 0 | 0 |
_aQA12 _b.M377 1988 |
| 082 | 0 | 0 | _a510 CAM |
| 100 |
_9526 _aCampbell, Paul J. |
||
| 245 | 0 | 0 |
_aMathematics education in secondary schools and two-year colleges : _ba source book / _c[edited by] Paul J. Campbell, Louise S. Grinstein. |
| 260 |
_aNew York : _bGarland Pub., _c1988. |
||
| 300 |
_axvii, 439 p. : _bill. ; _c23 cm. |
||
| 490 | 1 |
_aGarland reference library of social science ; _vvol. 377. _aSource books on education ; _vvol. 15 |
|
| 500 | _aIncludes Index http://www.amazon.com/MATHEMATICS-Garland-Reference-Library-Science/dp/0824085221/ref=sr_1_1?s=books&ie=UTF8&qid=1412829871&sr=1-1&keywords=0824085221 | ||
| 504 | _aIncludes bibliographies and indexes. | ||
| 650 | 0 |
_aMathematics _xME |
|
| 650 | 0 |
_aMathematics _xStudy and teaching (Higher) |
|
| 650 | 0 |
_aMathematics _xStudy and teaching (Secondary) _xBibliography. |
|
| 650 | 0 |
_aMathematics _xStudy and teaching (Higher) _xBibliography. |
|
| 700 | 1 |
_aCampbell, Paul J., _d1948- |
|
| 700 | 1 | _aGrinstein, Louise S. | |
| 830 | 0 |
_aGarland reference library of social science ; _vv. 377. |
|
| 830 | 0 |
_aGarland reference library of social science. _pPNECSource books on education ; _vvol. 15. |
|
| 906 |
_a7 _bcbc _corignew _d1 _eocip _f19 _gy-gencatlg |
||
| 942 |
_2ddc _cBK |
||
| 999 |
_c60943 _d60943 |
||